| 000 | 004400000a22001810004500 | ||
|---|---|---|---|
| 003 | MACL | ||
| 005 | 20150822105625.0 | ||
| 008 | 150822b xxu||||| |||| 00| 0 eng d | ||
| 040 |
_aMACL _cMACL |
||
| 041 | _aEnglish | ||
| 082 | _a610/LAW | ||
| 100 |
_aLawani, Dr B T _96642 |
||
| 245 | _aMedical Social Work | ||
| 260 |
_bCurrent Publications _c2009 _aAgra |
||
| 350 | _a795 | ||
| 650 |
_aMedical Science _985 |
||
| 942 |
_cBK _k610/LAW _2ddc |
||
| 999 |
_c42139 _d42139 |
||